[Event "25th Czech Rapid G1 2014"]
[Site "Pardubice CZE"]
[Date "2014.07.17"]
[Round "9.53"]
[White "Kratochvil, Milan"]
[Black "Blecha, Miroslav"]
[Result "1-0"]
[WhiteElo "2195"]
[BlackElo "2225"]
[WhiteFideId "331015"]
[BlackFideId "311758"]
[EventDate "2014.07.16"]

1. e4 c5 2. c3 Nf6 3. e5 Nd5 4. d4 cxd4 5. cxd4 e6 6. Nc3 Nxc3 7. bxc3 Qc7 8.
Bd2 d6 9. f4 b6 10. Nf3 Bb7 11. Bd3 Be7 12. O-O Nd7 13. Qe2 h6 14. f5 O-O-O 15.
exd6 Bxd6 16. fxe6 fxe6 17. Qxe6 Rde8 18. Qc4 g5 19. Qxc7+ Bxc7 20. Rae1 Rd8 21.
Bf5 Kb8 22. Re7 Nf6 23. Ne5 Bd6 24. Rxb7+ Kxb7 25. Nf7 Rhf8 26. Nxd8+ Rxd8 27.
Be6 Be7 28. Be3 Kc6 29. c4 Kd6 30. d5 Ne4 31. Rf7 Rf8 32. Rh7 Nc3 33. g3 Nxa2
34. Rxh6 Ke5 35. Rh7 Bc5 36. Bxc5 bxc5 37. Rxa7 Nc3 38. Rc7 Ne4 39. g4 Kd4 40.
Bf5 Nd6 41. Be6 Nxc4 42. h4 gxh4 43. Kg2 Ne3+ 44. Kh3 Rf3+ 45. Kxh4 Ng2+ 46. Kg5
Nf4 47. Rf7 Nxe6+ 48. dxe6 Re3 49. Kf6 c4 50. Rd7+ Kc5 51. e7 Rf3+ 52. Kg7 Re3
53. Kf8 Rf3+ 54. Ke8 c3 55. Kd8 Re3 1-0

[Event "25th Czech Rapid G1 2014"]
[Site "Pardubice CZE"]
[Date "2014.07.17"]
[Round "9.54"]
[White "Bjornsson, Tomas"]
[Black "Chernyshova, Natalia"]
[Result "1/2-1/2"]
[WhiteTitle "FM"]
[WhiteElo "2144"]
[BlackElo "2129"]
[WhiteFideId "2300303"]
[BlackFideId "24143219"]
[EventDate "2014.07.16"]

1. e4 c6 2. d4 d5 3. exd5 cxd5 4. c4 Nf6 5. Nc3 Nc6 6. Nf3 e6 7. Bd3 dxc4 8.
Bxc4 Nd5 9. O-O Be7 10. Re1 a6 11. a4 Na5 12. Ba2 Nb4 13. Bb1 b6 14. Be4 Bb7 15.
Bxb7 Nxb7 16. Ne5 O-O 17. Na2 Rc8 18. Nxb4 Bxb4 19. Rf1 Qd5 20. Be3 Bd6 21. Qe2
b5 22. axb5 axb5 23. Nd3 Rc4 24. Qd2 Rfc8 25. Rfc1 Kf8 26. b4 Rxc1+ 27. Rxc1
Rxc1+ 28. Qxc1 Qc4 29. Qxc4 bxc4 30. Nc5 Nd8 31. b5 Ke7 32. Kf1 e5 33. dxe5 Bxe5
34. Ke2 f5 35. g3 Kd6 36. Kd2 Kd5 37. Na4 Bd4 38. Nb6+ Kc5 39. Nd7+ Kd5 40. Nb6+
Kc5 41. Nd7+ Kd5 1/2-1/2

[Event "25th Czech Rapid G1 2014"]
[Site "Pardubice CZE"]
[Date "2014.07.17"]
[Round "9.55"]
[White "Jezbera, Jiri"]
[Black "Chovanec, Vladimir"]
[Result "1-0"]
[WhiteElo "2200"]
[BlackElo "2100"]
[WhiteFideId "329185"]
[BlackFideId "14907860"]
[EventDate "2014.07.16"]

1. e4 e6 2. d4 d5 3. e5 c5 4. c3 Nc6 5. Nf3 Qb6 6. a3 Nh6 7. b4 cxd4 8. cxd4 Nf5
9. Bb2 Bd7 10. Be2 Be7 11. O-O f6 12. Kh1 Rc8 13. Nc3 Na5 14. Na4 Bxa4 15. Qxa4+
Nc6 16. Rac1 O-O 17. g4 Nfxd4 18. Nxd4 Nxd4 19. Rxc8 Rxc8 20. Qd7 Nxe2 21. Qxc8+
Kf7 22. exf6 gxf6 23. Qh8 d4 24. Qxh7+ Ke8 25. f3 Qb5 26. Rd1 e5 27. Qh5+ Kd8
28. Bxd4 Nxd4 29. Rxd4+ Kc7 30. Rd1 Qe2 31. Rc1+ Kb6 32. Qf5 a6 33. Qe4 Qd2 34.
Qe1 Qd4 35. Kg2 Qb2+ 36. Qf2+ Qxf2+ 37. Kxf2 1-0

[Event "25th Czech Rapid G1 2014"]
[Site "Pardubice CZE"]
[Date "2014.07.17"]
[Round "9.56"]
[White "Rous, Daniel"]
[Black "Vokoun, Jan"]
[Result "1-0"]
[BlackTitle "FM"]
[WhiteElo "2160"]
[BlackElo "2195"]
[WhiteFideId "338150"]
[BlackFideId "301647"]
[EventDate "2014.07.16"]

1. d4 Nf6 2. Nf3 e6 3. c4 d5 4. Nc3 Be7 5. Bg5 O-O 6. e3 dxc4 7. Bxc4 a6 8. Rc1
c5 9. Bxf6 gxf6 10. O-O cxd4 11. exd4 Qc7 12. Bd3 Qf4 13. Re1 Nd7 14. Re4 Qd6
15. Rg4+ Kh8 16. Qd2 f5 17. Qh6 Rg8 18. Rxg8+ Kxg8 19. Ne2 Bf6 20. Ng5 Nf8 21.
Qxf6 Nd7 22. Qh6 Kh8 23. Ng3 1-0

[Event "25th Czech Rapid G1 2014"]
[Site "Pardubice CZE"]
[Date "2014.07.17"]
[Round "9.57"]
[White "Smolej, Lukas"]
[Black "Valenta, Vit"]
[Result "0-1"]
[BlackTitle "FM"]
[WhiteElo "2003"]
[BlackElo "2132"]
[WhiteFideId "363782"]
[BlackFideId "307440"]
[EventDate "2014.07.16"]

1. d4 Nf6 2. Nc3 d5 3. Bg5 Nbd7 4. f3 h6 5. Bh4 c6 6. Bxf6 Nxf6 7. e4 e6 8. e5
Nd7 9. f4 c5 10. dxc5 Bxc5 11. Nf3 Qb6 12. Qd2 Be3 13. Qd3 Bxf4 14. Nb5 Nxe5 15.
Nxe5 Bxe5 16. O-O-O O-O 17. g4 Bd7 18. Nc3 Rac8 19. Re1 Bxc3 20. bxc3 Qa5 21.
Kd2 a6 22. g5 Bb5 23. Qg3 hxg5 24. Bxb5 axb5 25. h4 d4 26. Kd1 Rxc3 27. Qxg5
Qxa2 28. Qc1 Rfc8 29. Rhg1 Rxc2 30. Rxg7+ Kxg7 31. Qg5+ Kf8 32. Qh6+ Ke8 33.
Qh8+ Ke7 34. Rxe6+ Qxe6 0-1

[Event "25th Czech Rapid G1 2014"]
[Site "Pardubice CZE"]
[Date "2014.07.17"]
[Round "9.58"]
[White "Kopriva, Martin"]
[Black "Vykydal, Frantisek"]
[Result "0-1"]
[BlackTitle "CM"]
[WhiteElo "1871"]
[BlackElo "2117"]
[WhiteFideId "357740"]
[BlackFideId "301744"]
[EventDate "2014.07.16"]

1. e4 Nf6 2. e5 Nd5 3. d4 d6 4. c4 Nb6 5. f4 dxe5 6. fxe5 Nc6 7. Be3 Bf5 8. a3
e6 9. Nc3 Be7 10. Be2 O-O 11. Nf3 f6 12. O-O fxe5 13. Nxe5 Nxe5 14. dxe5 Nd7 15.
Bf4 Nc5 16. b4 Ne4 17. Nxe4 Bxe4 18. Bg4 Bf5 19. Bxf5 Rxf5 20. Kh1 Qe8 21. Qe2
Qc6 22. Bg3 Raf8 23. h3 Rxf1+ 24. Rxf1 Rxf1+ 25. Qxf1 Qe4 26. c5 c6 27. Qd1 Qd5
28. Qc2 Bg5 29. Qe2 Bc1 30. a4 Qd4 31. Qh5 Qd7 32. Qf3 Bd2 33. Qg4 Be3 34. Qe4
Qd4 35. Qf3 Qa1+ 36. Kh2 Qg1# 0-1

[Event "25th Czech Rapid G1 2014"]
[Site "Pardubice CZE"]
[Date "2014.07.17"]
[Round "9.59"]
[White "Gadzhiev, Farid"]
[Black "Bibik, Jura"]
[Result "1/2-1/2"]
[BlackTitle "IM"]
[WhiteElo "1889"]
[BlackElo "2228"]
[WhiteFideId "24194450"]
[BlackFideId "4113071"]
[EventDate "2014.07.16"]

1. e4 e5 2. Nf3 Qe7 3. Nc3 c6 4. Bc4 h6 5. d4 d6 6. a4 Nf6 7. O-O g6 8. Be3 Ng4
9. h3 Nxe3 10. fxe3 Nd7 11. dxe5 dxe5 12. Nh2 Nf6 13. Qf3 Bg7 14. Rad1 Be6 15.
Bxe6 Qxe6 16. Rd2 O-O 17. Rfd1 h5 18. Rd6 Qe7 19. Qg3 Rad8 20. R6d3 Nd7 21. Nf3
Nc5 22. Rxd8 Rxd8 23. Rxd8+ Qxd8 24. b4 Ne6 25. b5 Qd6 26. Qf2 Bh6 27. Qe2 Qc5
28. Nd1 cxb5 29. axb5 f6 30. Kh2 Kf7 31. c4 Ke7 32. Nc3 Nc7 33. Nd1 a5 34. bxa6
bxa6 35. Nh4 Kf7 36. Qd3 Bf8 37. Nc3 Bd6 38. Nf3 Qa3 39. Qc2 a5 40. Nb5 Qc5 41.
Qa4 Nxb5 42. cxb5 Qb4 43. Qa2+ Ke7 44. Qd5 Qc5 45. Qb3 Qb4 46. Qd5 Qc5 47. Qb3
Qb4 48. Qd5 Qc5 49. Qb3 Qb4 50. Qd5 a4 51. Qb7+ Ke8 52. Qc6+ Kf7 53. Qd7+ Be7
54. Qd5+ Kg7 1/2-1/2

[Event "25th Czech Rapid G1 2014"]
[Site "Pardubice CZE"]
[Date "2014.07.17"]
[Round "9.60"]
[White "Janocko, Petr"]
[Black "Wagener, Claude"]
[Result "1-0"]
[BlackTitle "FM"]
[WhiteElo "2039"]
[BlackElo "2259"]
[WhiteFideId "320099"]
[BlackFideId "4000471"]
[EventDate "2014.07.16"]

1. d4 Nf6 2. c4 g6 3. Nc3 d5 4. Nf3 Bg7 5. g3 O-O 6. Bg2 dxc4 7. O-O c6 8. Ne5
Nbd7 9. Nxc4 Nb6 10. Ne5 Nfd7 11. Nxd7 Bxd7 12. e4 Be6 13. Be3 Nc4 14. b3 Nxe3
15. fxe3 c5 16. Ne2 Bg4 17. Bf3 Bxf3 18. Rxf3 Qb6 19. e5 Rad8 20. Kg2 Bxe5 21.
Rc1 cxd4 22. exd4 Bxd4 23. Rc4 Bg7 24. Qc2 h5 25. Rc7 Qb4 26. a3 Qxa3 27. Rxb7
a5 28. b4 Qa1 29. bxa5 Qxa5 30. Rxe7 Rd2 31. Qe4 Qa2 32. Rf2 Bd4 33. Rf4 Bc5 34.
Re8 Kh7 35. Qe5 Rxe8 36. Rxf7+ 1-0

[Event "25th Czech Rapid G1 2014"]
[Site "Pardubice CZE"]
[Date "2014.07.17"]
[Round "9.61"]
[White "Pischikov, Vadim"]
[Black "Kotyk, Vaclav"]
[Result "1-0"]
[WhiteElo "2130"]
[BlackElo "1848"]
[WhiteFideId "4100280"]
[BlackFideId "384232"]
[EventDate "2014.07.16"]

1. d4 Nf6 2. c4 c5 3. d5 e6 4. Nc3 exd5 5. cxd5 d6 6. Nf3 g6 7. Nd2 Bg7 8. Nc4
O-O 9. Bf4 Ne8 10. Nb5 a6 11. Nbxd6 Nxd6 12. Bxd6 Bxb2 13. Bxf8 Bc3+ 14. Nd2
Bxa1 15. Bxc5 Qxd5 16. Qxa1 Qxc5 17. e3 Bf5 18. e4 Be6 19. Be2 Qa5 20. Qb2 Nc6
21. O-O b5 22. a3 Rd8 23. Nf3 Bg4 24. e5 Bxf3 25. Bxf3 Nd4 26. Bg4 Ne2+ 27. Qxe2
Qxa3 28. e6 Qe7 29. exf7+ Kxf7 30. Qa2+ Kg7 31. Qxa6 b4 32. Qb6 Rd2 33. h3 Qe4
34. Qc7+ Kh6 35. Bf3 Qd4 36. Qf7 Rd3 37. Qf8+ Kg5 38. h4+ Kxh4 39. Qh6# 1-0

[Event "25th Czech Rapid G1 2014"]
[Site "Pardubice CZE"]
[Date "2014.07.17"]
[Round "9.62"]
[White "Andreeva, Elena"]
[Black "Sykora, Josef"]
[Result "1/2-1/2"]
[WhiteElo "1946"]
[BlackElo "2117"]
[WhiteFideId "24104701"]
[BlackFideId "313220"]
[EventDate "2014.07.16"]

1. e4 c6 2. d4 d5 3. Nc3 dxe4 4. Nxe4 Nd7 5. Nf3 Ngf6 6. Nc3 g6 7. Bg5 Bg7 8.
Qd2 Qa5 9. Bd3 h6 10. Bf4 Nd5 11. Nxd5 Qxd2+ 12. Kxd2 cxd5 13. Rhe1 e6 14. Bd6
Bf8 15. Bc7 Be7 16. c4 Bb4+ 17. Kc2 Bxe1 18. Rxe1 O-O 19. cxd5 exd5 20. Bd6 Rd8
21. Bc7 Rf8 22. Bd6 Nf6 23. Bxf8 Kxf8 24. h3 Bd7 25. Kd2 Re8 26. Ne5 Bc6 27. Rc1
Re6 28. Rc3 Nd7 29. Nxc6 Rxc6 30. Bb5 Rxc3 31. Kxc3 Nf6 32. Kb4 Ke7 33. Bd3 Kd6
34. a4 g5 35. Bf5 b6 36. Kb5 Kc7 37. Ka6 Kb8 38. Bb1 Ne8 39. Kb5 Kc7 40. Ba2
Nd6+ 41. Ka6 Kc6 42. Kxa7 Nf5 43. Bxd5+ Kxd5 44. Kxb6 Nxd4 45. a5 Kc4 46. a6 Nb5
47. a7 Nxa7 48. Kxa7 Kb3 49. Kb6 Kxb2 50. Kc5 Kc2 1/2-1/2

[Event "25th Czech Rapid G1 2014"]
[Site "Pardubice CZE"]
[Date "2014.07.17"]
[Round "9.63"]
[White "Petrovskis, Olegs"]
[Black "Hiller, Simon"]
[Result "1-0"]
[WhiteElo "2062"]
[BlackElo "1973"]
[WhiteFideId "11603186"]
[BlackFideId "24641308"]
[EventDate "2014.07.16"]

1. d4 f5 2. g3 Nf6 3. Bg2 d6 4. c4 g6 5. Nf3 Bg7 6. Nc3 O-O 7. d5 c6 8. Nd4 cxd5
9. cxd5 Qb6 10. O-O Na6 11. Rb1 Bd7 12. Be3 Qa5 13. a3 Rfc8 14. Ne6 Bxe6 15.
dxe6 Rab8 16. Bxa7 Ra8 17. Bxb7 Rxa7 18. Bxc8 Nb8 19. Qb3 Qc7 20. Bd7 Nbxd7 21.
exd7+ Kf8 22. Nb5 Qxd7 23. Nxa7 1-0

[Event "25th Czech Rapid G1 2014"]
[Site "Pardubice CZE"]
[Date "2014.07.17"]
[Round "9.65"]
[White "Horinek, Karel"]
[Black "Mindl, Josef"]
[Result "1-0"]
[WhiteElo "1980"]
[BlackElo "2029"]
[WhiteFideId "323276"]
[BlackFideId "310549"]
[EventDate "2014.07.16"]

1. e4 c5 2. Nf3 Nc6 3. d4 cxd4 4. Nxd4 Nf6 5. Nc3 e5 6. Ndb5 d6 7. Bg5 a6 8. Na3
b5 9. Bxf6 gxf6 10. Nd5 Bg7 11. Qd2 f5 12. Bd3 Be6 13. c4 O-O 14. cxb5 axb5 15.
Bxb5 Nd4 16. Bc4 fxe4 17. O-O Kh8 18. Nc2 f5 19. Nxd4 exd4 20. a4 Be5 21. f4 Bg7
22. a5 d3 23. Kh1 Rc8 24. Qb4 Bxd5 25. Bxd5 Rc2 26. Rab1 e3 27. Bf3 Re8 28. Qb3
Qxa5 29. Qxd3 Rxb2 30. Rbe1 Rd2 31. Qb1 Qc5 32. Rc1 Qd4 33. Qxf5 e2 34. Rfe1 Rf8
35. Qh5 Qxf4 36. Bxe2 Rxe2 37. Qxe2 Be5 38. g3 Qd4 39. Qe4 Qf2 40. Rc7 Rf7 41.
Rc8+ Kg7 42. Rec1 Qb2 43. Qg4+ Kh6 44. Qh4+ Kg7 45. Qg5# 1-0

[Event "25th Czech Rapid G1 2014"]
[Site "Pardubice CZE"]
[Date "2014.07.17"]
[Round "9.66"]
[White "Skaloud, Dusan"]
[Black "Janacek, Jaroslav"]
[Result "0-1"]
[WhiteElo "1950"]
[BlackElo "2001"]
[WhiteFideId "339610"]
[BlackFideId "306681"]
[EventDate "2014.07.16"]

1. f4 d6 2. e4 e5 3. Nf3 Nc6 4. Bc4 Qe7 5. O-O Be6 6. Bb5 Bd7 7. Nc3 Nf6 8. d4
O-O-O 9. d5 Nb8 10. f5 a6 11. Bxd7+ Nbxd7 12. b4 h6 13. a4 Kb8 14. Qe2 c6 15.
dxc6 Nb6 16. a5 Nc8 17. b5 d5 18. Ba3 Qxa3 19. Rxa3 Bxa3 20. cxb7 d4 21. bxc8=Q+
Rxc8 22. bxa6 Rxc3 23. Qb5+ Kc7 24. Qxe5+ Bd6 25. Qb5 Rb8 26. Qa4 Rb4 27. Qa2
Rbc4 28. e5 Bc5 29. exf6 d3+ 30. Kh1 dxc2 31. Rc1 gxf6 32. Nd2 Be3 33. Nxc4 Bxc1
34. a7 Be3 35. a8=N+ Kd8 0-1

[Event "25th Czech Rapid G1 2014"]
[Site "Pardubice CZE"]
[Date "2014.07.17"]
[Round "9.67"]
[White "Vachtfeidl, Petr"]
[Black "Stary, Lukas"]
[Result "1/2-1/2"]
[WhiteElo "1996"]
[BlackElo "1929"]
[WhiteFideId "315028"]
[BlackFideId "322806"]
[EventDate "2014.07.16"]

1. e4 c6 2. d4 d5 3. exd5 cxd5 4. c4 Nf6 5. Nc3 e6 6. Nf3 Nc6 7. Bg5 Be7 8. c5
h6 9. Bh4 O-O 10. Bb5 Bd7 11. Bxc6 Bxc6 12. O-O Ne4 13. Bxe7 Nxc3 14. bxc3 Qxe7
15. Ne5 Qc7 16. Rb1 f6 17. Nxc6 bxc6 18. f4 Rab8 19. Qe2 Qd7 20. Rfe1 Kf7 21.
Qh5+ Kg8 22. Qg4 Kf7 23. Qh5+ Kg8 24. Qg4 f5 25. Qg6 Rxb1 26. Rxb1 Rf6 27. Qg3
Rf8 28. Qe3 Kf7 29. Qe5 1/2-1/2